000 00484nam a2200157Ia 4500
008 220204s9999 xx 000 0 und d
082 _aNR:33
_bINT.1
245 0 _aInternational rubber forum 31st Assembly Bangkok, Thailand. July 1989. V 1. Quality of elastomers
260 _aLondon
_bIRSG
_c1989
650 _aPolybutadiene rubbers
650 _aPolyisoprene
650 _aRubber quality management system
650 _aSynthetic rubber
650 _aTyre industry
942 _cBK
999 _c40320
_d40320